Marañón, en mis recuerdos / (Record no. 99764)

MARC details
000 -LEADER
campo de control de longitud fija 00773nam a2200229 i 4500
001 - NÚMERO DE CONTROL
campo de control 99764
003 - IDENTIFICADOR DE NÚMERO DE CONTROL
campo de control ES-MaACL
005 - FECHA Y HORA DE LA ÚLTIMA TRANSACCIÓN
campo de control 20231228062658.0
007 - CAMPO FIJO DE DESCRIPCIÓN FÍSICA--INFORMACIÓN GENERAL
campo de control de longitud fija t|
008 - DATOS DE LONGITUD FIJA--INFORMACIÓN GENERAL
campo de control de longitud fija 050915s1977 sp ||||1| spa d
100 1# - ENTRADA PRINCIPAL--NOMBRE DE PERSONA
Nombre de persona Martínez Gómez-Gordo, Juan Antonio.
9 (RLIN) 78129
245 10 - MENCIÓN DEL TÍTULO
Título Marañón, en mis recuerdos /
Mención de responsabilidad, etc. Juan Antonio Martínez Gómez-Gordo; prólogo Santiago Martínez-Fornés.
250 ## - MENCION DE EDICION
Mención de edición 1ª ed.
260 ## - PUBLICACIÓN, DISTRIBUCIÓN, ETC.
Lugar de publicación, distribución, etc. Sigüenza :
Nombre del editor, distribuidor, etc. [s.n.],
Fecha de publicación, distribución, etc. 1977 (
Fabricante Tip. Box)
300 ## - DESCRIPCIÓN FÍSICA
Extensión 136 p., 1 h. con 8 lám. ;
Dimensiones 18 cm.
490 1# - MENCIÓN DE SERIE
Mención de serie Colección "Momentos"
600 14 - PUNTO DE ACCESO ADICIONAL DE MATERIA--NOMBRE DE PERSONA
Nombre de persona Marañón, Gregorio,
Fechas asociadas al nombre 1887-1960
9 (RLIN) 76311
700 1# - ENTRADA AGREGADA--NOMBRE PERSONAL
Nombre de persona Martínez-Fornés, Santiago.
9 (RLIN) 78090
830 0# - PUNTO DE ACCESO ADICIONAL DE SERIE-TÍTULO UNIFORME
Título uniforme Colección "Momentos"
9 (RLIN) 226738
852 ## - LOCALIZACIÓN
Ubicación ES-MaACL
Número de control de estantería A-6861
Sublocalización o colección R.95966
Holdings
Estatus retirado Estado de pérdida Estado de daño No para préstamo Biblioteca de origen Biblioteca actual Ubicación en estantería Fecha de adquisición Fuente de adquisición Total de préstamos Signatura topográfica completa Código de barras Visto por última vez Precio de reemplazo Tipo de ítem Koha
        Biblioteca del Ateneo de Madrid Biblioteca del Ateneo de Madrid Sala Pecera Planta 1 17/01/2008     A-6861 1104170 23/02/2023 23/02/2023 Libro impreso